Jednotný ekonomický priestor Bieloruska, Ruskej federácie a Kazachstanu diplomová práca

Salvato in:
Dettagli Bibliografici
Autore principale: Slaná, Kristína
Ente Autore: Fakulta medzinárodných vzťahov EU. Katedra medzinárodných ekonomických vzťahov a hospodárskej diplomacie
Altri autori: Raneta, Leonid, 1982-
Natura: Libro
Lingua:slovacco
Pubblicazione: Bratislava 2013
Tags: Aggiungi Tag
Nessun Tag, puoi essere il primo ad aggiungerne!!

MARC

LEADER 00000nbm a2200000 4500
001 0242071
005 20180417102239.9
041 0 |a slo 
044 |a SK 
245 1 0 |a Jednotný ekonomický priestor Bieloruska, Ruskej federácie a Kazachstanu  |b diplomová práca  |c Kristína Slaná ; školiteľ: Leonid Raneta 
264 1 |a Bratislava  |c 2013 
300 |a 75 s. 
100 1 |a Slaná, Kristína 
700 1 |a Raneta, Leonid, 1982- 
710 2 |a Fakulta medzinárodných vzťahov EU. Katedra medzinárodných ekonomických vzťahov a hospodárskej diplomacie